000 00756cam a22002412 4500
001 0000025483
005 20151217154549.0
008 151001s xx 000 0 eng d
020 _a0198268598 :
040 _aKABU
_cKABU
100 1 _aZweigert, Konrad,
_d1911-1966.
_@0000186141
245 1 0 _aIntroduction to comparative law /
_cby Konrad Zweigert and Hein Kotz, translated by Tony Weir.
250 _a3rd Rev. ed.
260 _aOxford :
_bOUP,
_c1998.
300 _axxvi, 714 p.
650 0 _aComparative law.
_@0000160050
650 0 _aCivil law.
_@0000183477
700 1 _aKotz, Hein.
_@0000186142
700 1 _aWeir, Tony.
_@0000160144
852 1 _9p11500 KES
908 _a151001
950 _@1
999 _c11743
_d11743